| 000 | 08041nam a22004815i 4500 | ||
|---|---|---|---|
| 001 | 60035 | ||
| 005 | 20200226102528.0 | ||
| 007 | cr nn 008mamaa | ||
| 008 | 170629s2017 gw | s |||| 0|eng d | ||
| 020 |
_a9783319405605 _9978-3-319-40560-5 |
||
| 024 | 7 |
_a10.1007/978-3-319-40560-5 _2doi |
|
| 035 | _a(DE-He213)978-3-319-40560-5 | ||
| 050 | 4 | _aRB1-214 | |
| 072 | 7 |
_aMMF _2bicssc |
|
| 072 | 7 |
_aMED067000 _2bisacsh |
|
| 082 | 0 | 4 |
_a616.07 _223 |
| 245 | 1 | 0 |
_aPathology of the Gastrointestinal Tract _h[electronic resource] / _cedited by Fátima Carneiro, Paula Chaves, Arzu Ensari. |
| 264 | 1 |
_aCham : _bSpringer International Publishing : _bImprint: Springer, _c2017. |
|
| 300 |
_a480 illus., 473 illus. in color. eReference. _bonline resource. |
||
| 336 |
_atext _btxt _2rdacontent |
||
| 337 |
_acomputer _bc _2rdamedia |
||
| 338 |
_aonline resource _bcr _2rdacarrier |
||
| 347 |
_atext file _bPDF _2rda |
||
| 490 | 1 |
_aEncyclopedia of Pathology, _x2366-6269 |
|
| 505 | 0 | _aAbetalipoproteinemia -- Achalasia, esophagus -- Acute Gastritis -- Adenoacanthoma -- Adenocarcinoma, Upper Gastro-Intestinal Tract -- Adenoid Cystic Carcinoma, Esophageal -- Adenoma, Colorectal -- Adenoma, Upper Gastro-Intestinal Tract -- Adenosquamous carcinoma, Upper GI tract -- Adhesions -- Adipose Tissue Tumors, Stomach -- Amyloidosis, Gastro-Intestinal -- Anal adenocarcinoma -- Angiodysplasia -- Antibiotic Associated Colitis -- Antrum -- Anus -- Appendiceal Tumors -- Appendicitis -- Appendix -- Autoimmune Gastritis -- Bacterial Enterocolitis -- Bacterial Overgrowth Syndrome -- Barium Sulphate, Oesophageal Inclusions -- Barrett`s Esophagus -- Basal cell carcinoma of the anal margin -- Basaloid-Squamous Carcinoma, Upper GI Tract -- Cameron`s Ulcer -- Campylobacter Enterocolitis -- Carcinoma, Colorectal -- Carcinoma, Periampullary -- Carcinoma, Small Intestine -- Cardia -- Chagas Disease, Gastro-Intestinal Aspects -- CHARGE syndrome, Esophagus -- Cholera -- Choriocarcinoma, Gastro-Intestinal -- Chronic Gastritis -- C-Kit (CD117), Gastrointestinal Stromal Tumors (GISTs) -- Coeliac Disease -- Collagen Vascular Disorders, Esophagus -- Collagenous Colitis -- Collagenous Gastritis -- Colon -- Condyloma, Anal -- Cowden`s Syndrome -- Crohn`s Disease -- Cronkhite-Canada Syndrome -- Cushings and Curlings Ulcer -- Diaphramatic Hernia -- Dieulafoy`s Lesion -- Disaccharidase Deficiency -- Diversion Colitis -- Diverticular Colitis -- Diverticular Disease, Colon -- Diverticulum Epiphrenic -- Drug Induced Esophagitis -- Drug Induced Gastritis -- Drug-Induced Intestinal Injury -- Duplication, Esophagus -- Duplication, Intestinal -- Dysentery, Bacillary -- E-cadherin, Gastric Carcinoma -- Enteropathy, AIDS -- Enteropathy, Neonatal (congenital) -- Eosinophilic Colitis -- Eosinophilic Esophagitis -- Eosinophilic Gastritis -- Epstein-Barr Virus (EBV), Esophagitis -- Esophageal Atresia -- Esophagitis, Chemotherapy Induced -- Esophagitis, In Crohn`s Disease -- Fundic Gland Polyp -- Gangliocytic Paraganglioma, Duodenal -- Ganglioneuroma, Gastrointestinal -- Gastric epithelial dysplasia -- Gastric Heterotopia -- Gastric Stump -- Gastritis Cystica Polyposa/Profunda -- Gastroesophageal Junction -- Gastroesophageal Reflux Disease (GERD) -- Gastrointestinal Autonomic Nerve Tumor -- Gastrointestinal Stromal Tumor -- Gastroparesis -- Gastropathy, Portal Hypertension -- GAVE (Gastric Antral Vascular Ectasia) -- Giardiasis -- Glomus Tumor, Gastro-Intestinal -- Glycogenic Ancanthosis -- Goblet cells -- Graft-Versus-Host Disease -- Granular Cell Tumor, Gastro-Intestinal -- Granulomatous Gastritis -- Hamartomatous Polyps -- Helicobacter Heilmannii Infection -- Helicobacter Pylori Infection -- Hemorrhoid Hernias -- Hiatus Hernia, Acquired, Para-Esophageal (Rolling) -- Hirschsprung`s Disease -- Hyperplastic Polyps -- Immunoproliferative Small Intestinal Disease -- Infarction,Intestinal -- Infectious Colitis -- Infectious Esophagitis -- Inflammatory Bowel Disease -- Inflammatory Cloacogenic Polyp -- Inflammatory Fibroid Polyp, Lower Gastro-Intestinal Tract.- Inflammatory Fibroid Polyp, Upper Gastro-Intestinal Tract.- Inflammatory Myofibroblastic Tumor, Upper Gastro-Intestinal Tract -- Inperforate Anus -- Intestinal Atresia -- Intestinal Immune System -- Intestinal Lymphangiectasia -- Intestinal Malrotation -- Intestinal metaplasia -- Intestinal Obstruction -- Intestinal Pseudoobstruction -- Intestinal Tuberculosis -- Intusseption -- Ischaemic Bowel Disease -- Ischaemic Colitis -- Ischaemic Gastritis -- Juvenile Polyp, Upper Gastro-Intestinal Tract -- Juvenile Polyposis Syndrome, Lower Gastro-Intestinal Tract -- Lewy Bodies, Achalasia -- Lymphocytic Colitis -- Lymphocytic Esophagitis -- Lymphocytic Gastritis -- Lymphoepithelial-Like Carcinoma -- Lymphoma, Gastrointestinal -- Lynch Syndrome -- Malabsorption -- Malignant Atrophic Papulosis (Degos`Disease) -- Malignant -- Melanoma, Anus -- Mallory Weiss Lacerations, Esophageal -- Meckel`s Diverticulum -- Menetrier`s Disease (Hypertrophic Gastropathy) -- Microscopic Colitis -- Microvillus Inclusion Disease -- Mucinous Carcinoma, Upper Gastro-Intestinal Tract -- Mucinous Cystadenocarcinoma, Appendix -- Mucinous Cystadenoma, Appendix -- Mucins -- Mucocele, Appendix -- Mucoepidermoid Carcinoma, esophageal -- Mucosal Prolapsus Syndrome -- Necrotizing Enterocolitis -- Neuroendocrine neoplasms of the anus -- Neuroendocrine Tumor, Colon and Rectum -- Neuroendocrine Tumor, Esophagus -- Neuroendocrine Tumor, Gastric -- Neuroendocrine Tumor, Small Intestine -- Neuropenic Colitis -- Nonsteroidal Antiinflammatory Drug Injury -- Nonsteroidal anti-inflammatory drug (NSAIDs) -- Pagetas disease of the anus -- Pancreatic Heterotopia -- Parasitic Colitis -- Pemphigoid, Bullous, Esophageal -- Pemphigus Vulgaris, Esophageal -- Peptic Duodenal Disease -- Peptic Ulcer -- Peutz-Jeghers Syndrome -- Plummer-Vinson Syndrome -- Polyp, Gastrointestinal -- Polyposis Syndromes -- Pseudodiverticulum (Pseudodiverticula), Esophageal -- Pseudoepitheliomatous Hyperplasia, Esophageal -- Pseudogoblet Cells -- Pyloric Gland Adenoma -- Pyloric Stenosis -- Radiation Colitis -- Radiation induced Esophagitis -- Radiation Therapy Injury -- Rectum -- Salmonellosis -- Sarcoidosis, Gastro-Intestinal -- Scleroderma, Esophageal -- Serrated Polyposis Syndrome -- Shigellosis -- Short gut syndrome -- Signet Ring Cell Carcinoma -- Small Intestine -- Solitary Rectal Ulcer Syndrome -- Squamous Cell Carcinoma, Anus -- Squamous Cell Carcinoma, Upper Gastro-Intestinal Tract -- Squamous Papilloma, Upper Gastro-Intestinal Tract -- Tropical Sprue -- Tubular Adenocarcinoma -- Tufting Enteropathy -- Typhoid Fever -- Ulcerative Colitis -- Uremic Gastropathy -- Varices -- Vasculitis, Upper Gastro-Intestinal Tract -- Verrucous carcinoma/Giant condyloma of Buschke and Lowenstein -- Viral Colitis -- Viral Gastroenteritis -- Volvulus -- Xanthoma, Upper Gastro-Intestinal Tract -- Zenker`s Diverticulum -- Z-Line -- Zollinger-Ellison-Syndrome. . | |
| 520 | _aThis book covers the complete field of the pathology of the Gastrointestinal tract - from Abetalipoproteinemia to Zollinger-Ellison Syndrome. The alphabetically arranged entries, each of which provides a detailed description of a specific pathological disease pattern, allow readers to quickly and easily find the information they need. | ||
| 650 | 0 | _aMedicine. | |
| 650 | 0 | _aGastroenterology. | |
| 650 | 0 | _aPathology. | |
| 650 | 1 | 4 | _aMedicine & Public Health. |
| 650 | 2 | 4 | _aPathology. |
| 650 | 2 | 4 | _aGastroenterology. |
| 700 | 1 |
_aCarneiro, Fátima. _eeditor. |
|
| 700 | 1 |
_aChaves, Paula. _eeditor. |
|
| 700 | 1 |
_aEnsari, Arzu. _eeditor. |
|
| 710 | 2 | _aSpringerLink (Online service) | |
| 773 | 0 | _tSpringer eBooks | |
| 776 | 0 | 8 |
_iPrinted edition: _z9783319405599 |
| 830 | 0 |
_aEncyclopedia of Pathology, _x2366-6269 |
|
| 856 | 4 | 0 | _uhttp://dx.doi.org/10.1007/978-3-319-40560-5 |
| 912 | _aZDB-2-SME | ||
| 999 |
_c6322 _d6322 |
||